书目信息 |
| 题名: |
政治经济学
|
|
| 作者: | ;湖北省《政治经济学》编写组 | |
| 分册: | 上卷 | |
| 出版信息: | 武汉 湖北人民出版社 1981.10 |
|
| 页数: | 200页 | |
| 开本: | 19cm | |
| 丛书名: | ||
| 单 册: | ||
| 中图分类: | F0 | |
| 科图分类: | ||
| 主题词: | 政治经济学 | |
| 电子资源: | ||
| ISBN: | ||
| 000 | 00607nam0 2200217 45 | |
| 001 | 0009201784 | |
| 005 | 20031207054646.8 | |
| 010 | @dCNY0.57 | |
| 091 | @a4106.236 | |
| 100 | @a20000920d1981 km y0chiy0120 ea | |
| 101 | 0 | @achi |
| 105 | @a z 000yy | |
| 200 | 1 | @a政治经济学@h上卷@f湖北省《政治经济学》编写组@FHu Bei Sheng《Zheng Zhi Jing Ji Xue》Bian Xie Zu |
| 205 | @a修订本 | |
| 210 | @a武汉@c湖北人民出版社@d1981.10 | |
| 215 | @a200页@d19cm | |
| 606 | 0 | @a政治经济学 |
| 690 | @aF0@v1 | |
| 711 | 02 | @a湖北省《政治经济学》编写组 |
| 801 | @aCN@bPFTUser@c20000920 | |
| 905 | @dF0@e14:1@f5@b75854-858 | |
| 政治经济学.上卷/湖北省《政治经济学》编写组.-修订本.-武汉:湖北人民出版社,1981.10 |
| 200页;19cm |
| ISBN :CNY0.57 |
| ● |
| 相关链接 |
|
|
|
|
正题名:政治经济学
索取号:F0/14:1
 
预约/预借
| 序号 | 登录号 | 条形码 | 馆藏地/架位号 | 状态 | 备注 |
| 1 | 0075854 | 001848834 | 密集书库/ [索取号:F0/14:1] | 在馆 | |
| 2 | 0075855 | 001848843 | 密集书库/ [索取号:F0/14:1] | 在馆 | |
| 3 | 0075856 | 001848852 | 密集书库/ [索取号:F0/14:1] | 在馆 | |
| 4 | 0075857 | 001848861 | 密集书库/ [索取号:F0/14:1] | 在馆 | |
| 5 | 0075858 | 001848870 | 密集书库/ [索取号:F0/14:1] | 在馆 |